00610nam a2200181 i 450000100060000000300090000600500170001500700030003200800410003510000300007624500750010625000210018126000460020230000220024885200210027099900170029195201200030882454ES-MaACL20230906174656.0t|041110q1911 xxk ||||1| eng d1 aIlbert, Courtenay.96516810aParliament its History Constitution and practice / cCourtenay Ilbert. aNew and rev. ed. aLondon : bWilliam and Norgate, c[1911?] a256 p. ; c17 cm. aES-MaACLjC-3071 c82454d82454 00104070aATENEOMbATENEOMcSPALd2008-01-17eSCl0oC-3071p1086171r2023-02-23 00:00:00w2023-02-23yMONOGRAFIA